GEPP - Statistiques

Statistiques générales
  • Ce quiz a été pris 3 fois
  • Le résultat moyen est 19 sur 50
Statistiques - réponses
Question Réponse % Correct
Quel est le rôle principal de la fonction RH dans la GEPP ? Conseiller et fournir outils et méthodes
100%
A quel étape intervient le SWOT ? Diagnostic
100%
Que signifie GEPP ? Gestion des Emplois et des Parcours Professionnels
100%
Avant 2015, la GEPP s'appelait ? GPEC
100%
La GEPP vise principalement à : Réduire les écarts entre besoins et ressources
100%
Les partenaires sociaux ont pour rôle : De veiller à l’intérêt des salariés dans la GEPP
67%
Quel acteur est responsable de la mise en œuvre de la GEPP ? La direction générale
67%
Les actions individuelles incluent : L’entretien annuel d’évaluation
67%
La compétence inclut : Le savoir, le savoir-faire, le savoir-être
67%
De quand date la loi Rebsamen ? 2015
33%
La GEPP se projette généralement sur : 3 à 5 ans
33%
Un état des lieux récapitulatif est effectué tous les : 6 ans
33%
Les antennes mobilité servent à : Accompagner les projets de mobilité
33%
Le reporting dans la GEPP sert à : Assurer un suivi des actions
33%
La GEPP est un outil de : Contrôle de gestion social
33%
Le savoir-être correspond à Des comportements et attitudes
33%
Le savoir correspond à : Des connaissances
33%
Le career path permet : D’identifier les compétences nécessaires pour évoluer
33%
Les projections GEPP doivent tenir compte : Du plan stratégique de l’entreprise
33%
Les outils opérationnels incluent : Entretien individuel
33%
L’entretien professionnel sert à : Étudier les perspectives d’évolution
33%
L’un des enjeux de la GEPP pour l’entreprise est : Gérer les ressources humaines efficacement
33%
Quelle thématique doit-être négociée chaque année ? La rémunération et le temps de travail
33%
La GEPP est efficace si : Les acteurs sont tous engagés
33%
La GEPP permet d’anticiper : Les futurs besoins en compétences
33%
Quelle est la loi ayant instauré une obligation triennale de négociation ? Loi Borloo
33%
Le savoir-faire correspond à : L’utilisation de méthodes et outils
33%
Une mobilité transversale sert notamment à : Lutter contre la démotivation
33%
La mobilité interne comprend : Mobilité verticale et transversale
33%
Les promotions appartiennent à la catégorie : Mouvements
33%
Le plan de succession sert à : Préparer les départs sur postes clés
33%
Le SIRH appartient à la catégorie : Ressources
33%
Le CSE doit être informé/consulté : Selon un rythme défini par l’entreprise
33%
L’une des limites majeures de la GEPP est : Son coût élevé
33%
La pyramide des âges est un outil de Structure
33%
L’entretien professionnel est obligatoire : Tous les 2 ans
33%
La mobilité géographique implique : Un changement de lieu de travail
33%
Une restructuration est : Une action collective
33%
Le répertoire des métiers est avant tout : Une fiche de poste
33%
Une démotion correspond à : Une mobilité verticale descendante
33%
Une mobilité verticale correspond à : Une promotion ou une démotion
33%
Pour les salariés, la GEPP apporte : Un parcours professionnel plus cohérent
33%
A quoi sert principalement l'outil ROME ? Calculer les effectifs
0%
La communication sur la mobilité peut prendre la forme : D’une bourse de l’emploi interne
0%
Les actions collectives incluent : La mobilité interne
0%
La revue de personnel (people review) concerne : Les populations jugées stratégiques
0%
Une difficulté courante de la GEPP est : Les problèmes de prévision
0%
Le diagnostic GEPP inclut : Le SWOT
0%
Que signifie SMART ? Spontané, Mesurable, Actuel, Réel, Temporel
0%
Qu'est ce qu'un emploi type ? Un poste réservé aux managers
0%
Aucun quiz correspondant
Distribution des résultats
% des personnes avec chaque résultat
Percentile par nombre de réponses
Votre historique - résultats
Vous n’avez pas pris ce quiz